Vybočil z řady (Record no. 20414)
[ view plain ]
| 000 -LEADER | |
|---|---|
| fixed length control field | 01323cam a2200409 a 4500 |
| 001 - CONTROL NUMBER | |
| control field | 20414 |
| 003 - CONTROL NUMBER IDENTIFIER | |
| control field | VRT |
| 005 - DATE AND TIME OF LATEST TRANSACTION | |
| control field | 20260122122849.0 |
| 008 - FIXED-LENGTH DATA ELEMENTS--GENERAL INFORMATION | |
| fixed length control field | 251029s1991 xr o g 000 0dcze |
| 015 ## - NATIONAL BIBLIOGRAPHY NUMBER | |
| National bibliography number | SNBA1991 |
| 020 ## - INTERNATIONAL STANDARD BOOK NUMBER | |
| International Standard Book Number | 8020602771 |
| Qualifying information | (brož.) |
| 035 ## - SYSTEM CONTROL NUMBER | |
| System control number | SNK000072402 |
| 035 ## - SYSTEM CONTROL NUMBER | |
| System control number | urn:nbn:sk:snk-amjbjd |
| 035 ## - SYSTEM CONTROL NUMBER | |
| System control number | urn:nbn:sk:snk-am003qdl |
| 035 ## - SYSTEM CONTROL NUMBER | |
| System control number | 4169F204-FE23-431C-83AE-6DD6A672D7AF |
| 039 #9 - LEVEL OF BIBLIOGRAPHIC CONTROL AND CODING DETAIL [OBSOLETE] | |
| Level of rules in bibliographic description | 202510291159 |
| Level of effort used to assign nonsubject heading access points | VLOAD |
| Level of effort used to assign subject headings | 202403181923 |
| Level of effort used to assign classification | VLOAD |
| Level of effort used to assign subject headings | 202402261923 |
| Level of effort used to assign classification | VLOAD |
| Level of effort used to assign subject headings | 201712011029 |
| Level of effort used to assign classification | VLOAD |
| 040 ## - CATALOGING SOURCE | |
| Original cataloging agency | SNK |
| Language of cataloging | slo |
| Transcribing agency | SNK |
| Description conventions | AACR2 |
| 041 0# - LANGUAGE CODE | |
| Language code of text/sound track or separate title | cze |
| 044 ## - COUNTRY OF PUBLISHING/PRODUCING ENTITY CODE | |
| MARC country code | xr |
| ISO country code | CZ |
| 080 ## - UNIVERSAL DECIMAL CLASSIFICATION NUMBER | |
| Universal Decimal Classification number | 929 Smrkovský, J. |
| Edition identifier | 1981 |
| 080 ## - UNIVERSAL DECIMAL CLASSIFICATION NUMBER | |
| Universal Decimal Classification number | 32(437.1)(091)Smrkovský, J. |
| Edition identifier | 1981 |
| 100 1# - MAIN ENTRY--PERSONAL NAME | |
| Personal name | Vrabec, Václav |
| Relationship | aut |
| 245 10 - TITLE STATEMENT | |
| Title | Vybočil z řady |
| Statement of responsibility, etc. | Václav Vrabec |
| 250 ## - EDITION STATEMENT | |
| Edition statement | 1. vyd. |
| 260 ## - PUBLICATION, DISTRIBUTION, ETC. | |
| Place of publication, distribution, etc. | Praha |
| Name of publisher, distributor, etc. | Naše vojsko |
| Date of publication, distribution, etc. | 1991 |
| Place of manufacture | Praha |
| Manufacturer | Naše vojsko |
| 300 ## - PHYSICAL DESCRIPTION | |
| Extent | 189 s., [8] s. fotogr. príl. |
| Other physical details | fotogr. |
| Dimensions | 20 cm |
| 490 1# - SERIES STATEMENT | |
| Series statement | Dokumenty |
| Volume/sequential designation | sv. 223 |
| 600 17 - SUBJECT ADDED ENTRY--PERSONAL NAME | |
| Personal name | Smrkovský, Josef |
| Source of heading or term | SNKMA |
| 650 07 - SUBJECT ADDED ENTRY--TOPICAL TERM | |
| Topical term or geographic name entry element | politická činnosť |
| Source of heading or term | SNKPH |
| 655 #7 - INDEX TERM--GENRE/FORM | |
| Genre/form data or focus term | monografie |
| Source of term | SNKPH |
| 830 #0 - SERIES ADDED ENTRY--UNIFORM TITLE | |
| Uniform title | Dokumenty |
| 942 ## - ADDED ENTRY ELEMENTS (KOHA) | |
| Source of classification or shelving scheme | Dewey Decimal Classification |
| Koha item type | Odborná literatúra pre dospelých |
| Suppress in OPAC | No |
| 949 ## - LOCAL PROCESSING INFORMATION (OCLC) | |
| 6 | 0133072982 |
| a | snmk |
| b | snmk72982 |
| 949 ## - LOCAL PROCESSING INFORMATION (OCLC) | |
| 6 | 17A0164213 |
| a | snkSC 80510 D1 |
| b | snkKIP 8860/91 |
| s | 6100:20140925 |
| 949 ## - LOCAL PROCESSING INFORMATION (OCLC) | |
| 6 | 17A0946023 |
| a | snkSC 80510 |
| Stav vyradenia | Strata | Poškodenie | Spôsob nadobudnutia | Domovská knižnica | Aktuálna knižnica | Dátum nadobudnutia | Total checkouts | Čiarový kód exemplára | Date last seen | Typ exemplára |
|---|---|---|---|---|---|---|---|---|---|---|
| Dar | Obecná knižnica Horná Štubňa | Obecná knižnica Horná Štubňa | 22.01.2026 | 4736200445 | 22.01.2026 | Odborná literatúra pre dospelých |
